Normal view
MARC view
Entry Personal Name
001 - CONTROL NUMBER
- control field: 51428
003 - CONTROL NUMBER IDENTIFIER
- control field: ARRUPE
005 - DATE AND TIME OF LATEST TRANSACTION
- control field: 20220505094031.0
008 - FIXED-LENGTH DATA ELEMENTS
- fixed length control field: 220505|| aca||aabn | a|a d
040 ## - CATALOGING SOURCE
- Original cataloging agency: ARRUPE
- Transcribing agency: ARRUPE
100 ## - HEADING--PERSONAL NAME
- Personal name: Freund, Peter G. O.
- Fuller form of name: (Peter George Oliver),
- Dates associated with a name: 1936-2018
670 ## - SOURCE DATA FOUND
- Source citation: Work cat.: (ARRUPE)131351: Freund, Peter G. O. (Peter George Oliver), 1936-2018., A passion for discovery /, c2007.